| 000 | 00802nam a2200217Ii 4500 | ||
|---|---|---|---|
| 003 | JO-AjNU | ||
| 008 | 230605s9999||||xx |||||||||||||| ||und|| | ||
| 017 | _a40566 | ||
| 040 |
_aJO-AjNU _bara _erda _cJO-AjNU |
||
| 041 | _aara | ||
| 050 | 1 | 4 | _aBP172.R3222 2011 |
| 100 | 3 |
_aالردايدة، أحمد حسن شحادة, _eauthor _933316 |
|
| 245 | 0 | 0 | _aحوار المسلمين مع أتباع الأديان ودعوة الكتب السماوية المنزلة لتوحيد الله تعالى |
| 250 | _aط1 | ||
| 264 | 3 | 1 | _aعمان: المؤلف، 2011 |
| 300 | _a482ص | ||
| 336 |
_atext _btxt _2rdacontent |
||
| 337 |
_aunmediated _bn _2rdamedia |
||
| 338 |
_avolume _bnc _2rdacarrier |
||
| 650 | 4 |
_aالاسلام والديانات الاخرى- الديانات المقارنة _933317 |
|
| 999 |
_aA13548 _c17116 _d17116 |
||